书目信息 |
| 题名: |
细菌名称(第二版)
|
|
| 作者: | 蔡妙英 卢运玉 赵玉峰 | |
| 分册: | ||
| 出版信息: | 北京 科学出版社 1980 |
|
| 页数: | 782 | |
| 开本: | 20cm | |
| 丛书名: | ||
| 单 册: | ||
| 中图分类: | Q93-61 | |
| 科图分类: | ||
| 主题词: | 微生物学 | |
| 电子资源: | ||
| ISBN: | 7-03-005125-4 | |
| 000 | 00583nam0 2200181 450 | |
| 001 | 0741144344 | |
| 005 | 20070817112544.34 | |
| 010 | @a7-03-005125-4@b精装@d¥55.00 | |
| 100 | @a20070817d km y0chiy0120 ea | |
| 101 | 0 | @achi |
| 200 | 1 | @a细菌名称(第二版)@Axi jun ming cheng(di er ban)@f蔡妙英 卢运玉 赵玉峰@Fcai miao ying lu yun yu zhao yu feng |
| 210 | @a北京@c科学出版社@d1980 | |
| 215 | @a782@d20cm | |
| 606 | 0 | @a微生物学 |
| 690 | @aQ93-61@v3 | |
| 701 | 0 | @a蔡妙英 卢运玉 赵玉峰@Acai miao ying lu yun yu zhao yu feng |
| 801 | 0 | @aCN@bPFT@c20070817 |
| 905 | @a213230@dQ93-61@en1@f1 | |
| 细菌名称(第二版)/蔡妙英 卢运玉 赵玉峰.-北京:科学出版社,1980 |
| 782;20cm |
| ISBN 7-03-005125-4(精装):¥55.00 |
| ● |
| 相关链接 |
|
|
|
|
正题名:细菌名称(第二版)
索取号:Q93-61/n1
 
预约/预借
| 序号 | 登录号 | 条形码 | 馆藏地/架位号 | 状态 | 备注 |
| 1 | 6601045 | 266010452 | 密集书库-生命科学系/ [索取号:Q93-61/n1] | 在馆 | |
| 2 | 6601046 | 266010461 | 密集书库-生命科学系/ [索取号:Q93-61/n1] | 在馆 |